Vplyv európskych integračných procesov na poistný trh v SR záverečná správa o priebehu riešenia grantového projektu č. 2135003 a o plnení úloh za roky 2005-2007
Enregistré dans:
| Auteur principal: | |
|---|---|
| Autres auteurs: | , , , , , |
| Format: | Livre |
| Langue: | slovaque |
| Publié: |
Bratislava
Katedra poisťovníctva NHF EU
2007
|
| Sujets: | |
| Tags: |
Pas de tags, Soyez le premier à ajouter un tag!
|
MARC
| LEADER | 00000nam a2200000 4500 | ||
|---|---|---|---|
| 001 | 0147102 | ||
| 005 | 20240614130402.2 | ||
| 041 | 0 | |a slo | |
| 044 | |a SK | ||
| 245 | 1 | 0 | |a Vplyv európskych integračných procesov na poistný trh v SR |b záverečná správa o priebehu riešenia grantového projektu č. 2135003 a o plnení úloh za roky 2005-2007 |c zodpovedný riešiteľ Erika Pastoráková |
| 264 | 1 | |a Bratislava |b Katedra poisťovníctva NHF EU |c 2007 | |
| 300 | |a [20 s.] | ||
| 610 | 2 | 0 | |a integrácia ekonomická medzinárodná |
| 610 | 2 | 0 | |a poisťovníctvo |
| 610 | 2 | 0 | |a trh poistný |
| 610 | 2 | 0 | |a Slovensko |
| 100 | 1 | |a Pastoráková, Erika, 1972- | |
| 700 | 1 | |a Littvová, Zuzana | |
| 700 | 1 | |a Maťavka, Miroslav | |
| 700 | 1 | |a Palacková, Dana | |
| 700 | 1 | |a Drábeková, Mária | |
| 700 | 1 | |a Kušnírová, Jana, 1977- | |
| 700 | 1 | |a Vovk, Martin, 1976- | |